000 00589nam a2200205 a 4500
001 23322
003 CO-ViMGA
008 141112s2004 ck r 000 u spa d
020 _a9789582408183
040 _aCO-ViMGA
_bspa
_cCO-ViMGA
082 0 4 _a370.115 L653c
100 1 _aLondoño Martha Lucia
_933619
245 1 0 _aCon vivencias 4
260 _aColombia :
_bSantillana
300 _a63p.
650 1 4 _aDEMOCRACIA - ENSEÑANZA
_98718
650 1 4 _aeducación CIVICA - ENSEÑANZA PRIMARIA
_933620
650 1 4 _aPARTICIPACION CIUDADANA - ENSEÑANZA PRIMARIA
_933621
942 _2ddc
_cBK
999 _c31544
_d31544